000 00831nam a2200253Ia 4500
003 OSt
005 20220930203932.0
006 a|||||r|||| 00| 0
007 ta
008 220926b |||||||| |||| 00| 0 eng d
024 _a81114
037 _cDissertations
040 _aCRL
_cCRL
_beng
041 _2eng
_aeng
100 _aMalhotra Krishan Kumar
_9566415
110 _aUniversity of Delhi. Faculty of Medicine Sciences. Department of Medicine
245 0 _aCausative factors and lipoprotein studies in coronary heart disease
260 _c1960
650 _aMEDICINE
700 _a Supervisor : Dr. H. L. Khosla
700 _aUniversity of Delhi. Faculty of Medicine Sciences. Department of Medicine
942 _cDIS
_2CC
999 _c905348
_d905348